000 00776nam a2200229Ia 4500
003 GCL
008 140319s9999 xx 000 0 ara d
040 _aGCL /
_cGCL
082 0 4 _a301.29062
_bم ه
100 1 _aمركز المحروسة للمعلومات
245 1 0 _aهموم الثقافة المصرية /
_cمركز المحروسة للمعلومات
490 _aالهيئة العامة للاستعلامات
_v0
650 0 4 _aالثقافة
650 0 4 _aالقراءة
650 0 4 _aالحياة الثقافية
650 0 4 _aالمعرفة
650 0 4 _aالاغانى المصرية
650 0 4 _aالثقافة المصرية
650 0 4 _aالكتب والقراءة
650 0 4 _aالثقافة الاسلامية - مصر
942 _2ddc
_cBK
999 _c50177
_d50177